000 00441nam a2200157Ia 4500
999 _c11947
_d11947
003 OSt
005 20201027111137.0
008 190216s9999||||xx |||||||||||||| ||und||
040 _coclc
082 _a934.07092
_bGAN/H
100 _aGangal, V D
_96107
245 0 _aHarsha /
_cV D Gangal
260 _bNational Book Trust,
_aNew Delhi:
_c1957.
300 _a98p
942 _cBK
_2ddc
_h934.07092
_iGAN/H
_k934.07092
_mGAN/H